| 000 | 00617nam a2200205Ia 4500 | ||
|---|---|---|---|
| 999 |
_c36448 _d36448 |
||
| 001 | 2363 | ||
| 003 | GE_BSU | ||
| 005 | 20221027101951.0 | ||
| 008 | 181216s2005az xx |||||||||||||| ||aze|| | ||
| 040 | _cGE_BSU | ||
| 041 | _aaze | ||
| 080 | _a94(479.24) A-36 | ||
| 100 |
_aALİYEVİN, HERYDAR. _915565 |
||
| 245 |
_aNAXÇİVAN MUXTAR RESPUBLİKASİ 1969-1999 / _cHERYDAR, ALİYEVİN |
||
| 264 | _c1999. | ||
| 300 |
_a212 с.: _b илл. |
||
| 653 | _aNAXÇİVAN MUXTAR RESPUBLİKASİ | ||
| 653 | _aნახჭევანის ავტონომიური რესპუბლიკა | ||
| 942 |
_cBK _2udc |
||